000 00897nam a2200181Ia 4500
008 090630s9999 xx 000 0 und d
082 _b14926
100 _aखानगावकर प. रा. / मिश्रा.
245 _aलोखंड व पोलादाचे उत्पादन.
_cखानगावकर प. रा. / मिश्रा.
260 _bमहाराष्ट्र विद्यापीठ ग्रंथनिर्मिती मंडळ - नागपूर.
_c1974
300 _a275
600 _aखानगावकर प. रा. / मिश्रा.
630 _aलोखंड व पोलादाचे उत्पादन.
655 _aइतर.
700 _aखानगावकर प. रा. / मिश्रा.
730 _aलोखंड व पोलादाचे उत्पादन.
942 _cBOOK
999 _c266782
_d266782